<?xml version="1.0" encoding="UTF-8"?>
<record
    xmlns:xsi="http://www.w3.org/2001/XMLSchema-instance"
    xsi:schemaLocation="http://www.loc.gov/MARC21/slim http://www.loc.gov/standards/marcxml/schema/MARC21slim.xsd"
    xmlns="http://www.loc.gov/MARC21/slim">

  <leader>01064nam a22002417a 4500</leader>
  <controlfield tag="003">OSt</controlfield>
  <controlfield tag="005">20191029062705.0</controlfield>
  <controlfield tag="008">180305b        xxu||||| |||| 00| 0 spa d</controlfield>
  <datafield tag="040" ind1=" " ind2=" ">
    <subfield code="c">PJ</subfield>
  </datafield>
  <datafield tag="100" ind1=" " ind2=" ">
    <subfield code="9">338</subfield>
    <subfield code="a">Canasi, Jos&#xE9;</subfield>
  </datafield>
  <datafield tag="245" ind1=" " ind2=" ">
    <subfield code="a">Derecho administrativo /</subfield>
    <subfield code="c">Jos&#xE9; Canasi.</subfield>
  </datafield>
  <datafield tag="260" ind1=" " ind2=" ">
    <subfield code="a">Buenos Aires :</subfield>
    <subfield code="b">Depalma, </subfield>
    <subfield code="c">1976-1984.</subfield>
  </datafield>
  <datafield tag="300" ind1=" " ind2=" ">
    <subfield code="a">4 v.</subfield>
    <subfield code="c">22 cm.</subfield>
  </datafield>
  <datafield tag="500" ind1=" " ind2=" ">
    <subfield code="a">Citas y notas a pie de p&#xE1;gina.
</subfield>
  </datafield>
  <datafield tag="505" ind1=" " ind2=" ">
    <subfield code="a">Contenido:
v. 1: Parte general.
v. 2: Parte especial. Los servicios p&#xFA;blicos. El acto administrativo. Contratos administrativos.
v. 3: Parte especial. Prestaciones de los administrados al Estado. Servidumbres y restricciones administrativas.
v. 4: Parte especial. Expropiaci&#xF3;n p&#xFA;blica. Organizaci&#xF3;n y justicia militar. Responsabilidad del estado
</subfield>
  </datafield>
  <datafield tag="650" ind1=" " ind2="0">
    <subfield code="a">DERECHO ADMINISTRATIVO</subfield>
    <subfield code="9">211</subfield>
  </datafield>
  <datafield tag="650" ind1=" " ind2="0">
    <subfield code="a">ACTO ADMINISTRATIVO</subfield>
    <subfield code="9">1171</subfield>
  </datafield>
  <datafield tag="650" ind1=" " ind2="0">
    <subfield code="a">CONTRATOS ADMINISTRATIVOS</subfield>
    <subfield code="9">1170</subfield>
  </datafield>
  <datafield tag="650" ind1=" " ind2="0">
    <subfield code="a">SERVICIO P&#xDA;BLICO</subfield>
    <subfield code="9">1432</subfield>
  </datafield>
  <datafield tag="650" ind1=" " ind2="0">
    <subfield code="a">EXPROPIACION</subfield>
    <subfield code="9">1811</subfield>
  </datafield>
  <datafield tag="650" ind1=" " ind2="0">
    <subfield code="a">RESPONSABILIDAD DEL ESTADO</subfield>
    <subfield code="9">1215</subfield>
  </datafield>
  <datafield tag="942" ind1=" " ind2=" ">
    <subfield code="2">udc</subfield>
    <subfield code="c">LIB</subfield>
    <subfield code="h">342.9 </subfield>
    <subfield code="i">CAN</subfield>
  </datafield>
  <datafield tag="999" ind1=" " ind2=" ">
    <subfield code="c">303</subfield>
    <subfield code="d">303</subfield>
  </datafield>
  <datafield tag="952" ind1=" " ind2=" ">
    <subfield code="0">0</subfield>
    <subfield code="1">0</subfield>
    <subfield code="2">udc</subfield>
    <subfield code="4">0</subfield>
    <subfield code="7">0</subfield>
    <subfield code="a">DJS</subfield>
    <subfield code="b">DJS</subfield>
    <subfield code="d">2018-04-23</subfield>
    <subfield code="h">V. 1</subfield>
    <subfield code="o">342.9 CAN</subfield>
    <subfield code="p">2644</subfield>
    <subfield code="r">2018-04-23</subfield>
    <subfield code="w">2018-04-23</subfield>
    <subfield code="y">LIB</subfield>
  </datafield>
  <datafield tag="952" ind1=" " ind2=" ">
    <subfield code="0">0</subfield>
    <subfield code="1">0</subfield>
    <subfield code="2">udc</subfield>
    <subfield code="4">0</subfield>
    <subfield code="7">0</subfield>
    <subfield code="a">DJS</subfield>
    <subfield code="b">DJS</subfield>
    <subfield code="d">2018-04-23</subfield>
    <subfield code="h">V. 2</subfield>
    <subfield code="o">342.9 CAN</subfield>
    <subfield code="p">2645</subfield>
    <subfield code="r">2018-11-29</subfield>
    <subfield code="w">2018-04-23</subfield>
    <subfield code="y">LIB</subfield>
  </datafield>
  <datafield tag="952" ind1=" " ind2=" ">
    <subfield code="0">0</subfield>
    <subfield code="1">0</subfield>
    <subfield code="2">udc</subfield>
    <subfield code="4">0</subfield>
    <subfield code="7">0</subfield>
    <subfield code="a">DJS</subfield>
    <subfield code="b">DJS</subfield>
    <subfield code="d">2018-04-23</subfield>
    <subfield code="h">V. 3</subfield>
    <subfield code="o">342.9 CAN</subfield>
    <subfield code="p">6362</subfield>
    <subfield code="r">2018-11-29</subfield>
    <subfield code="w">2018-04-23</subfield>
    <subfield code="y">LIB</subfield>
  </datafield>
  <datafield tag="952" ind1=" " ind2=" ">
    <subfield code="0">0</subfield>
    <subfield code="1">0</subfield>
    <subfield code="2">udc</subfield>
    <subfield code="4">0</subfield>
    <subfield code="7">0</subfield>
    <subfield code="a">DJS</subfield>
    <subfield code="b">DJS</subfield>
    <subfield code="d">2018-04-23</subfield>
    <subfield code="h">V. 4</subfield>
    <subfield code="o">342.9 CAN</subfield>
    <subfield code="p">6363</subfield>
    <subfield code="r">2018-11-29</subfield>
    <subfield code="w">2018-04-23</subfield>
    <subfield code="y">LIB</subfield>
  </datafield>
</record>
